[Event "SVK-chT2C 10/11"]
[Site "Slovakia"]
[Date "2011.03.06"]
[Round "9.5"]
[White "Matejov, Anton"]
[Black "Sulko, Jan"]
[Result "0-1"]
[WhiteElo "1960"]
[BlackElo "2070"]
[PlyCount "70"]
[EventDate "2010.10.23"]
[EventType "team-tourn"]
[EventRounds "11"]
[EventCountry "SVK"]
[SourceTitle "EXT 2019"]
[Source "ChessBase"]
[SourceDate "2018.10.10"]
[SourceVersion "1"]
[SourceVersionDate "2018.10.10"]
[SourceQuality "1"]
[WhiteTeam "Cadca Caissa"]
[BlackTeam "Zvolen Slavia"]
[WhiteTeamCountry "SVK"]
[BlackTeamCountry "SVK"]

1. d4 Nf6 2. c4 g6 3. Nc3 d5 4. Nf3 Bg7 5. cxd5 Nxd5 6. g3 Nxc3 7. bxc3 c5 8. Bg2 Nc6 9. 0-0 cxd4 10. Nxd4 Nxd4 11. cxd4 Qxd4 12. Qxd4 Bxd4 13. Rb1 Bb6 14. a4 0-0 15. Bd2 Rd8 16. Bc3 Bf5 17. e4 Rac8 18. a5 Rxc3 19. axb6 Be6 20. bxa7 Ra8 21. Rxb7 Bc8 22. Rxe7 Kf8 23. e5 Kxe7 24. Bxa8 Ra3 25. Rc1 Bh3 26. Rb1 Kf8 27. Bd5 Rxa7 28. f4 Rd7 29. Rb8+ Kg7 30. Bb3 Rd2 31. Rb7 Rg2+ 32. Kf1 Kh6 33. Bxf7 Rb2+ 34. Ke1 Rxb7 35. Kd2 Rxf7 0-1